000 00399nam a22001337a 4500
008 230626b xxu||||| |||| 00| 0 eng d
020 _a9789291424412
082 _a328.3
_bUNP
110 _bUnited Nations
245 _aWorld e-Parliament Conference 2009
_b3-4-5 November 2009 // US House of Representatives // Washington DC
260 _bUnited Nations
_c2010
300 _aXII,94p
942 _2ddc
_cBK
999 _c2635
_d2635